000 00344nam a2200145Ia 4500
008 210210b1978 xxu||||| |||| 00| 0 eng d
082 _a158 MAUT
100 _aMAURUS (J).
245 _aToday is ours.
250 _a
260 _aAllahabad
_bBetter yourself books
_c1978
300 _a371
690 _aApplied Psychology
906 _aSG01494
999 _c112810
_d112810